Flagi państw graniczących z Serbią - Statystyki

Ogólne statystyki
  • Ten quiz został rozwiązany 157 razy
  • Średni wynik to 8 z 8
Statystyki odpowiedzi
Obrazkowy Odpowiedź % Poprawnych
Chorwacja
98%
Kosowo
98%
Macedonia Północna
98%
Bośnia i Hercegowina
97%
Rumunia
97%
Bułgaria
96%
Czarnogóra
91%
Węgry
90%
Nie znaleziono quizów pasujących do podanych kryteriów
Rozkład punktacji
Procent ludzi z każdym wynikiem
Percentyl według liczby udzielonych odpowiedzi
Twoja historia wyników
Nie rozwiązałeś tego quizu